[Event "Sparkassen-Open A"]
[Site "Heusenstamm, Martinsee"]
[Date "2022.11.20"]
[Round "7.57"]
[White "Wadiei, Soroush"]
[Black "Berberich, Christoph"]
[Result "1-0"]
[WhiteElo "1725"]
[BlackElo "1952"]
[PlyCount "61"]
[EventDate "2022.??.??"]
[WhiteTeam "SV Nürtingen 1920"]
[BlackTeam "FSF 1887 Zähringen"]

1. d4 Nf6 2. c4 c5 3. d5 b5 4. cxb5 a6 5. bxa6 Bxa6 6. Nc3 g6 7. e4 Bxf1 8.
Kxf1 d6 9. Nf3 Qc8 10. h4 Qa6+ 11. Qe2 Bg7 12. Nb5 O-O 13. h5 Nxh5 14. Rxh5
gxh5 15. Nh4 Nd7 16. a4 Rfb8 17. Ra3 Nf8 18. Kg1 Qb7 19. Nf5 Ng6 20. Qxh5 Rxa4
21. Rh3 Qxb5 22. Qxh7+ Kf8 23. Qxg7+ Ke8 24. Rh7 Ra1 25. Nxd6+ exd6 26. Qg8+
Kd7 27. Qxf7+ Kd8 28. Qxg6 Rxc1+ 29. Kh2 Qe8 30. Qxd6+ Kc8 31. Rc7# 1-0

[Event "Sparkassen-Open A"]
[Site "Heusenstamm, Martinsee"]
[Date "2022.11.20"]
[Round "7.58"]
[White "Krychevskiy, Dmytro"]
[Black "Burkhardt, Jan"]
[Result "1-0"]
[WhiteElo "1912"]
[BlackElo "1619"]
[PlyCount "91"]
[EventDate "2022.??.??"]
[WhiteTeam "SV Oberursel"]
[BlackTeam "Sfr.Mainz 1928"]

1. e4 e5 2. Nf3 Nc6 3. d4 exd4 4. Nxd4 Bc5 5. Be3 Qf6 6. c3 Nge7 7. Bc4 O-O 8.
O-O Bb6 9. Na3 Re8 10. Kh1 d6 11. Ndb5 Ba5 12. Qd2 a6 13. Nd4 Nxd4 14. Bxd4 Qh4
15. b4 b5 16. Bb3 c5 17. bxc5 dxc5 18. Bxc5 Bc7 19. f4 Bb7 20. Rae1 Rad8 21.
Qf2 Qxf2 22. Rxf2 Ng6 23. e5 Ba5 24. Nb1 Nh4 25. Kg1 Nf5 26. e6 Bd5 27. exf7+
Kxf7 28. Rxe8 Kxe8 29. Rd2 Bxb3 30. Rxd8+ Bxd8 31. axb3 Bf6 32. Kf2 Kd7 33. g4
Nd6 34. Ke3 a5 35. Kd3 Kc6 36. Ba3 g6 37. Nd2 h5 38. h3 b4 39. cxb4 Nb5 40. Nc4
Nxa3 41. Nxa3 axb4 42. Nc2 hxg4 43. hxg4 Kc5 44. Ke4 Bc3 45. Ne3 Bg7 46. Ng2
1-0

[Event "Sparkassen-Open A"]
[Site "Heusenstamm, Martinsee"]
[Date "2022.11.20"]
[Round "7.59"]
[White "Zimmer, Gerald"]
[Black "Burg, Samuel"]
[Result "1/2-1/2"]
[WhiteElo "1922"]
[BlackElo "1676"]
[PlyCount "63"]
[EventDate "2022.??.??"]
[WhiteTeam "SC Bergen-Enkheim 1922"]
[BlackTeam "Spvgg Böblingen"]

1. d4 Nf6 2. Nf3 g6 3. Bf4 c5 4. c3 Qb6 5. Qb3 Qxb3 6. axb3 Nc6 7. Na3 cxd4 8.
Nb5 Nd5 9. Nfxd4 Nxd4 10. cxd4 Kd8 11. Bd2 Bg7 12. e3 a6 13. e4 Rb8 14. exd5
axb5 15. Bxb5 d6 16. Ba5+ b6 17. Bc3 Bb7 18. O-O Bxd5 19. Ra7 Rb7 20. Rfa1 Kc7
21. Bc4 Bxc4 22. bxc4 Rhb8 23. Kf1 Rxa7 24. Rxa7+ Rb7 25. Ra8 Rb8 26. Rxb8 Kxb8
27. Ke2 Kc7 28. Kd3 Bf6 29. b4 h5 30. Ke4 b5 31. c5 e6 32. h3 1/2-1/2

[Event "Sparkassen-Open A"]
[Site "Heusenstamm, Martinsee"]
[Date "2022.11.20"]
[Round "7.60"]
[White "Weil, Michael"]
[Black "Griesfeller, Sven"]
[Result "1-0"]
[WhiteElo "1879"]
[BlackElo "1534"]
[PlyCount "59"]
[EventDate "2022.??.??"]
[WhiteTeam "SC Steinbach"]
[BlackTeam "SD Büdingen-Wächtersbach"]

1. d4 Nf6 2. Nf3 d5 3. e3 e6 4. Bd3 c5 5. c3 Nc6 6. Nbd2 Bd6 7. O-O O-O 8. Qe2
e5 9. dxe5 Nxe5 10. Nxe5 Bxe5 11. f4 Bc7 12. e4 Bg4 13. Qe1 dxe4 14. Bc2 Re8
15. Nc4 Nd5 16. Ne5 Nf6 17. Be3 Qe7 18. h3 Bd7 19. Nxd7 Nxd7 20. Qf2 b5 21. a4
a6 22. Qe2 c4 23. Bd4 Nc5 24. axb5 axb5 25. Rxa8 Rxa8 26. Qg4 f6 27. Qf5 Ne6
28. Qxe4 Re8 29. Qxh7+ Kf8 30. Bg6 1-0

[Event "Sparkassen-Open A"]
[Site "Heusenstamm, Martinsee"]
[Date "2022.11.20"]
[Round "7.61"]
[White "Wachsmann, Elmar"]
[Black "Klein, Levent"]
[Result "1/2-1/2"]
[WhiteElo "1858"]
[BlackElo "1486"]
[PlyCount "186"]
[EventDate "2022.??.??"]
[WhiteTeam "SC Groß-Umstadt"]
[BlackTeam "SC Weilerbach"]

1. d4 e6 2. c4 d5 3. Nc3 c5 4. e3 Nf6 5. Nf3 Nc6 6. a3 h6 7. Bd3 Bd6 8. dxc5
Bxc5 9. cxd5 Nxd5 10. Nxd5 exd5 11. b4 Be7 12. Bb2 Bf6 13. Bxf6 Qxf6 14. Bb5
Qc3+ 15. Ke2 Qb2+ 16. Qd2 Qxd2+ 17. Kxd2 O-O 18. Bxc6 bxc6 19. Nd4 Bd7 20. Nb3
Be6 21. Rac1 Rfc8 22. Rc5 Bd7 23. Rhc1 Rab8 24. Nd4 Rb6 25. Ra5 a6 26. Rc3 Kf8
27. Nb3 Ke7 28. Nd4 g6 29. f3 f5 30. f4 Kd6 31. Nf3 Ke6 32. Kd3 Ra8 33. Ne5 Be8
34. Rac5 Kd6 35. Ra5 Rb5 36. Rc5 Rbb8 37. Nf3 Bd7 38. Rc1 Rb5 39. Rc5 Rbb8 40.
Nd4 Be8 41. Rc1 Bd7 42. Rac5 Rb6 43. Nb3 Rc8 44. R5c2 Re8 45. h3 h5 46. Rf2 Ra8
47. Kd4 Re8 48. g3 Re4+ 49. Kd3 Re8 50. Rd2 Ra8 51. Na5 Re8 52. Ke2 Ke7 53. Kf3
Kf6 54. Nb3 Ra8 55. Rc5 Rb5 56. Rxb5 axb5 57. Na5 Ke7 58. Rc2 Kd6 59. Rc3 Ra7
60. Ke2 Bc8 61. Kd3 Bd7 62. Kc2 Be8 63. Kb2 Re7 64. Nb3 Ra7 65. Nd4 Bd7 66. Nf3
Ra8 67. Ne5 Rg8 68. Nf3 Re8 69. Kc1 Ra8 70. Kd2 Re8 71. Ke2 Ra8 72. Ne5 Rg8 73.
Kf3 Rg7 74. Rc1 g5 75. Nd3 g4+ 76. Kg2 Re7 77. Ne5 Bc8 78. Kf2 Ra7 79. Rc3 Rg7
80. Kg2 Ra7 81. Nd3 Re7 82. Nc5 Ra7 83. Kf2 Bd7 84. h4 Be8 85. Ke2 Bd7 86. Kd3
Be8 87. Kc2 Bd7 88. Kb3 Be8 89. Rd3 Bg6 90. Rd1 Bh7 91. a4 bxa4+ 92. Nxa4 Re7
93. Rd3 Bg8 1/2-1/2

[Event "Sparkassen-Open A"]
[Site "Heusenstamm, Martinsee"]
[Date "2022.11.20"]
[Round "7.62"]
[White "Kissel, Tom"]
[Black "Ahrends, Norbert"]
[Result "1-0"]
[WhiteElo "1660"]
[BlackElo "1919"]
[PlyCount "61"]
[EventDate "2022.??.??"]
[WhiteTeam "SF Sailauf"]
[BlackTeam "SC Flörsheim 1921"]

1. c4 e6 2. g3 d5 3. cxd5 exd5 4. d4 Nf6 5. e3 Bg4 6. Nf3 Nbd7 7. Bg2 c6 8. O-O
Bd6 9. Qc2 O-O 10. Nbd2 Re8 11. Re1 Ne4 12. Nxe4 dxe4 13. Nd2 Bb4 14. Bxe4 Rxe4
15. Qxe4 Nf6 16. Qg2 Qd7 17. a3 Bh3 18. Qf3 Bg4 19. Qg2 Bh3 20. Qf3 Bg4 21. Qh1
Bxd2 22. Bxd2 Re8 23. Bc3 Qf5 24. f4 Qh5 25. Qg2 Bf3 26. Qf1 Ne4 27. Rec1 Nxg3
28. hxg3 Rxe3 29. Re1 Be2 30. Rxe2 Rxe2 31. Qxe2 1-0

[Event "Sparkassen-Open A"]
[Site "Heusenstamm, Martinsee"]
[Date "2022.11.20"]
[Round "7.63"]
[White "Nahler, Michael"]
[Black "Nickel, Rüdiger"]
[Result "0-1"]
[WhiteElo "1825"]
[BlackElo "2039"]
[PlyCount "78"]
[EventDate "2022.??.??"]
[WhiteTeam "SV Oberursel"]
[BlackTeam "SK Dinkelsbühl"]

1. e4 c5 2. Nf3 Nc6 3. d4 cxd4 4. Nxd4 e5 5. Nb5 d6 6. c4 g6 7. Bd3 Bg7 8. O-O
Nge7 9. Be2 Nd4 10. Nxd4 exd4 11. Na3 Nc6 12. Nc2 O-O 13. Rb1 f5 14. Bd3 f4 15.
f3 Kh8 16. Be2 a5 17. b3 Qb6 18. Kh1 Nb4 19. a3 Na2 20. Bb2 Nc3 21. Bxc3 dxc3
22. Qd3 g5 23. Rfd1 Qf2 24. Nd4 Rf6 25. Nb5 Be6 26. Nxc3 Rh6 27. Bf1 Rf8 28.
Nd5 Bxd5 29. Qxd5 Be5 30. Qd2 Qb6 31. Qc2 g4 32. Qe2 Rxh2+ 33. Kxh2 g3+ 34. Kh3
Qd8 35. Rd5 Qd7+ 36. Kh4 Qe7+ 37. Kh3 Qe6+ 38. Kh4 Qh6+ 39. Kg4 Rg8+ 0-1

[Event "Sparkassen-Open A"]
[Site "Heusenstamm, Martinsee"]
[Date "2022.11.20"]
[Round "7.64"]
[White "Fanin, Erik"]
[Black "Hinz, André"]
[Result "1/2-1/2"]
[WhiteElo "1850"]
[BlackElo "1668"]
[PlyCount "77"]
[EventDate "2022.??.??"]
[WhiteTeam "SK König Tegel 1949"]
[BlackTeam "SC Brett vorm Kopp Ffm"]

1. e4 e5 2. Nf3 Nf6 3. Nc3 Nc6 4. d4 exd4 5. Nxd4 Bb4 6. Nxc6 bxc6 7. Bd3 O-O
8. O-O d5 9. Bd2 Bxc3 10. Bxc3 Nxe4 11. Bxe4 dxe4 12. Qh5 Qd5 13. Qh4 Bf5 14.
Qg3 f6 15. Qxc7 Rf7 16. Qg3 Rd8 17. Rfe1 e3 18. Qxe3 Bxc2 19. Rac1 Bg6 20. a3
Rfd7 21. h3 Bf7 22. Bb4 Re8 23. Qc3 Rxe1+ 24. Qxe1 h6 25. Kh2 Qb3 26. Rxc6 Qxb2
27. Rc8+ Kh7 28. Qe4+ Bg6 29. Qg4 Qe5+ 30. f4 Qd4 31. h4 h5 32. Qf3 a6 33. Bc3
Qe4 34. Qf2 Bf7 35. Rb8 Bd5 36. Rb4 Qf5 37. Rd4 Bc6 38. Rxd7 Bxd7 39. Bd2
1/2-1/2

[Event "Sparkassen-Open A"]
[Site "Heusenstamm, Martinsee"]
[Date "2022.11.20"]
[Round "7.65"]
[White "Trumpp, Lothar"]
[Black "Colditz, Elias"]
[Result "1/2-1/2"]
[WhiteElo "1915"]
[BlackElo "1680"]
[PlyCount "100"]
[EventDate "2022.??.??"]
[WhiteTeam "VSG 1880 Offenbach"]
[BlackTeam "SV Multatuli Ingelheim"]

1. b3 d5 2. Bb2 Nc6 3. e3 e5 4. Bb5 Bd6 5. f4 Qe7 6. Nf3 Bg4 7. fxe5 Bxe5 8.
Bxe5 Bxf3 9. Qxf3 Qxe5 10. Nc3 Nf6 11. Bxc6+ bxc6 12. O-O O-O 13. Qf4 Rfe8 14.
Rae1 Re7 15. Qxe5 Rxe5 16. d3 Rae8 17. Nd1 d4 18. e4 c5 19. Nb2 Nd7 20. Nc4
R5e6 21. Rf2 Ne5 22. Nxe5 Rxe5 23. Ref1 f6 24. g4 h5 25. gxh5 Rxh5 26. Rf5 Rxf5
27. Rxf5 Re5 28. Kg2 Kf7 29. Rxe5 fxe5 30. Kg3 g5 31. Kg4 Kg6 32. a3 a5 33. a4
c6 34. h3 c4 35. dxc4 c5 36. Kf3 Kf6 37. Kf2 Kf7 38. Ke2 Ke7 39. Kf2 Kf7 40.
Kg3 Kf6 41. h4 Kg6 42. Kh3 gxh4 43. Kg4 h3 44. Kxh3 Kh5 45. Kg3 Kg5 46. Kf3 Kf6
47. Kg2 Kg6 48. Kh3 Kh5 49. Kg3 Kg5 50. Kf3 Kf6 1/2-1/2

[Event "Sparkassen-Open A"]
[Site "Heusenstamm, Martinsee"]
[Date "2022.11.20"]
[Round "7.68"]
[White "Plaumann, Arvin"]
[Black "Mohr, Thomas"]
[Result "1/2-1/2"]
[WhiteElo "1744"]
[BlackElo "1886"]
[PlyCount "21"]
[EventDate "2022.??.??"]
[WhiteTeam "Sfr.Heidesheim"]
[BlackTeam "SC FK Babenhausen 1994"]

1. d4 f5 2. Bg5 Nf6 3. e3 e6 4. Bd3 d5 5. c4 c6 6. Nf3 Be7 7. Nc3 O-O 8. Qc2
Ne4 9. Bxe7 Qxe7 10. O-O Bd7 11. Ne5 1/2-1/2

[Event "Sparkassen-Open A"]
[Site "Heusenstamm, Martinsee"]
[Date "2022.11.20"]
[Round "7.69"]
[White "Koholka, Jan"]
[Black "Marchese, Andrea"]
[Result "0-1"]
[WhiteElo "1750"]
[BlackElo "1869"]
[PlyCount "88"]
[EventDate "2022.??.??"]
[WhiteTeam "SK Langen"]
[BlackTeam "SC Matt im Park Ffm"]

1. e4 c6 2. d4 d5 3. exd5 cxd5 4. Nf3 Nc6 5. c3 Nf6 6. Bd3 g6 7. h3 Bg7 8. Qc2
O-O 9. Bf4 Nh5 10. Bh2 e5 11. dxe5 Nxe5 12. Nxe5 Bxe5 13. Bxe5 Re8 14. Nd2
Rxe5+ 15. Kd1 Qg5 16. g4 Bxg4+ 17. hxg4 Qxg4+ 18. Kc1 Qg2 19. Rf1 Nf4 20. Nb3
Rae8 21. Rd1 h5 22. a3 h4 23. Kb1 Nxd3 24. Qxd3 Re2 25. Nd4 Rxf2 26. Qb5 Re3
27. Rc1 Rd3 28. Ka2 Rdd2 29. Rab1 b6 30. a4 h3 31. Ka3 h2 32. Nc6 Rc2 33. Rxc2
Rxc2 34. Qf1 Qg5 35. Qe1 Kf8 36. Qf1 Rg2 37. Qh1 Kg7 38. Ka2 Qd2 39. Ne5 Qc2
40. Ka3 Qxb1 41. Qxb1 Rg1 42. Qd3 h1=Q 43. Qd4 Ra1+ 44. Kb3 Qd1+ 0-1

[Event "Sparkassen-Open A"]
[Site "Heusenstamm, Martinsee"]
[Date "2022.11.20"]
[Round "7.70"]
[White "Werner, Florin"]
[Black "Jung, Maximilian"]
[Result "1/2-1/2"]
[WhiteElo "1669"]
[BlackElo "1820"]
[PlyCount "77"]
[EventDate "2022.??.??"]
[WhiteTeam "VSG 1880 Offenbach"]
[BlackTeam "TSV Schott Mainz"]

1. e4 e5 2. Nf3 Nc6 3. Bb5 a6 4. Ba4 Nf6 5. O-O Bc5 6. Re1 b5 7. Bb3 d6 8. h3
O-O 9. c3 Bb6 10. d3 h6 11. Nbd2 Bb7 12. Nf1 Ne7 13. Ng3 Re8 14. a4 Ng6 15. Bc2
d5 16. exd5 Qxd5 17. Bb3 Qd7 18. axb5 axb5 19. Rxa8 Bxa8 20. Ne4 Nxe4 21. dxe4
Qxd1 22. Bxd1 Rd8 23. Bb3 Kf8 24. Be3 Bxe3 25. Rxe3 Ke7 26. Kf1 f6 27. g3 Bb7
28. Ke2 Ra8 29. Ne1 Nf8 30. c4 bxc4 31. Bxc4 Ne6 32. Nc2 Ra4 33. Bxe6 Kxe6 34.
f3 Ba6+ 35. Kd2 Bc8 36. h4 Bd7 37. Rc3 Kd6 38. Rd3+ Ke6 39. Rc3 1/2-1/2

[Event "Sparkassen-Open A"]
[Site "Heusenstamm, Martinsee"]
[Date "2022.11.20"]
[Round "7.71"]
[White "Weber, Nikita"]
[Black "Armbrust, Matthias"]
[Result "1/2-1/2"]
[WhiteElo "1441"]
[BlackElo "1854"]
[PlyCount "63"]
[EventDate "2022.??.??"]
[WhiteTeam "Vorw.Orient Mainz"]
[BlackTeam "TSG 1846 Bretzenheim/ZMO"]

1. c4 g6 2. Nc3 Bg7 3. g3 d6 4. Bg2 Nc6 5. Nf3 e5 6. d3 f5 7. h4 Nf6 8. Bg5 h6
9. Bxf6 Bxf6 10. Nd5 Bg7 11. Rc1 Ne7 12. Nxe7 Qxe7 13. e4 O-O 14. O-O fxe4 15.
dxe4 Rf7 16. b4 Bg4 17. Qd3 Raf8 18. Nh2 Be6 19. Rc2 h5 20. Qe3 b6 21. Nf3 Bf6
22. c5 d5 23. exd5 Bxd5 24. Qd3 Bxf3 25. Bxf3 Rg7 26. cxb6 cxb6 27. Rfc1 Qxb4
28. Rc7 Qd4 29. Qe4 Bd8 30. Rxg7+ Kxg7 31. Rd1 Qxe4 32. Bxe4 1/2-1/2

[Event "Sparkassen-Open A"]
[Site "Heusenstamm, Martinsee"]
[Date "2022.11.20"]
[Round "7.72"]
[White "Hasselbacher, Uwe"]
[Black "Lorenz, Alexander"]
[Result "1/2-1/2"]
[WhiteElo "1815"]
[BlackElo "1691"]
[PlyCount "59"]
[EventDate "2022.??.??"]
[WhiteTeam "SC Fulda"]
[BlackTeam "SV Bergwinkel"]

1. d4 Nf6 2. Bf4 g6 3. Nf3 Bg7 4. e3 d6 5. Bd3 O-O 6. Nbd2 c5 7. c3 cxd4 8.
cxd4 Nc6 9. O-O e5 10. Bg5 Re8 11. d5 Nb4 12. Bc4 e4 13. Nd4 Qb6 14. Qb3 Qa5
15. Rad1 Nbxd5 16. Bxf6 Nxf6 17. Bxf7+ Kh8 18. Bxe8 Bg4 19. f3 exf3 20. N2xf3
Rxe8 21. Rc1 Bh6 22. Rfe1 Nd5 23. Nb5 Bxe3+ 24. Kh1 Bxf3 25. gxf3 Re5 26. Nxd6
Rh5 27. Rc8+ Kg7 28. Qxb7+ Kh6 29. Nf7+ Kg7 30. Nd6+ 1/2-1/2

[Event "Sparkassen-Open A"]
[Site "Heusenstamm, Martinsee"]
[Date "2022.11.20"]
[Round "7.74"]
[White "Nagel, Matthias"]
[Black "Rotermund, Verena"]
[Result "1-0"]
[WhiteElo "1763"]
[BlackElo "1585"]
[PlyCount "101"]
[EventDate "2022.??.??"]
[WhiteTeam "SV 1920 Kelsterbach"]
[BlackTeam "Vorw.Orient Mainz"]

1. d4 Nf6 2. Nc3 d6 3. e4 g6 4. Be2 Bg7 5. Be3 Nc6 6. h4 h5 7. f3 b6 8. Qd2 Bb7
9. Nh3 e6 10. Ng5 Qe7 11. O-O-O O-O-O 12. Rhe1 Nd7 13. Bb5 Na5 14. Kb1 a6 15.
Bd3 f6 16. Nh3 c5 17. d5 Ne5 18. Nf4 exd5 19. Ncxd5 Bxd5 20. Nxd5 Qb7 21. Bf1
f5 22. b3 Nac6 23. Bg5 Rd7 24. exf5 gxf5 25. Qf4 Rf8 26. Bh6 Rff7 27. Bxg7 Rxg7
28. Qxf5 Nd4 29. Qe4 Rdf7 30. c3 Ndc6 31. Nf4 Qc7 32. Ne6 Qe7 33. Nxg7 Rxg7 34.
Bxa6+ Kc7 35. Bf1 Qf6 36. Kc2 Nd7 37. Qe6 Qg6+ 38. Qxg6 Rxg6 39. Rd2 Nce5 40.
Bb5 Nf8 41. f4 Ned7 42. Re7 Rf6 43. Bxd7 Nxd7 44. Rh7 Rf5 45. g3 Kc6 46. Rh6
Nf6 47. Rg6 Ne4 48. Re2 Kd5 49. Kd3 Nf6 50. c4+ Kc6 51. Re6 1-0

[Event "Sparkassen-Open A"]
[Site "Heusenstamm, Martinsee"]
[Date "2022.11.20"]
[Round "7.75"]
[White "Olson, Philip Christoph"]
[Black "Ersöz, Can"]
[Result "0-1"]
[WhiteElo "1429"]
[BlackElo "1927"]
[PlyCount "104"]
[EventDate "2022.??.??"]
[WhiteTeam "SC Bad Nauheim"]
[BlackTeam "SV Würzburg von 1865"]

1. d4 c5 2. dxc5 e6 3. e4 Bxc5 4. Nc3 Nc6 5. Nf3 a6 6. a4 Qb6 7. Qd2 Nf6 8. Bd3
d6 9. O-O O-O 10. Ne2 e5 11. c3 Qc7 12. b4 Ba7 13. Ng3 Ne7 14. Re1 Ng6 15. Ba3
Bg4 16. b5 Rfd8 17. c4 Bxf3 18. gxf3 Nf4 19. Bf1 Bd4 20. Rac1 Nd7 21. Nf5 Nc5
22. Nxd4 Qe7 23. Nf5 Qg5+ 24. Kh1 Ncd3 25. Qc2 axb5 26. Ng3 Nxe1 27. Rxe1 Rxa4
28. Bc1 Rda8 29. cxb5 Ra2 30. Bb2 g6 31. Qb3 Ne6 32. Bc1 Qh4 33. Be3 R8a3 34.
Qd1 Rxe3 35. Rxe3 Rxf2 36. Bg2 Nf4 37. Re2 Nxe2 38. Nxe2 Qg5 39. Ng3 Qe3 40.
Nf1 Qc5 41. Qd3 Rb2 42. h4 Qf2 43. Ne3 Qxh4+ 44. Kg1 Qf2+ 45. Kh1 Rd2 46. Qc3
Kg7 47. Kh2 Re2 48. Qd3 Rxe3 49. Qxd6 Qh4+ 50. Bh3 Re2+ 51. Kg1 Qf2+ 52. Kh1
Qh2# 0-1

[Event "Sparkassen-Open A"]
[Site "Heusenstamm, Martinsee"]
[Date "2022.11.20"]
[Round "7.76"]
[White "Weyerer, Noah"]
[Black "Hilbenz, Guntram"]
[Result "1-0"]
[WhiteElo "1605"]
[BlackElo "1829"]
[PlyCount "55"]
[EventDate "2022.??.??"]
[WhiteTeam "SV Oberursel"]
[BlackTeam "SC Bad Nauheim"]

1. c4 c6 2. Nc3 d5 3. cxd5 cxd5 4. d4 Nf6 5. Bf4 a6 6. e3 Nc6 7. Bd3 g6 8. Nf3
Bg7 9. Qe2 Bg4 10. h3 Bxf3 11. Qxf3 O-O 12. O-O h6 13. Rac1 e6 14. a3 Qe7 15.
Bh2 Rfc8 16. Na4 Nd7 17. Nc5 Nxc5 18. Rxc5 b6 19. Rc2 a5 20. Rfc1 Na7 21. Rc7
Qe8 22. Qf4 g5 23. Qf3 f5 24. g4 Rxc7 25. Rxc7 Nb5 26. Bxb5 Qxb5 27. gxf5 exf5
28. Qxf5 1-0

[Event "Sparkassen-Open A"]
[Site "Heusenstamm, Martinsee"]
[Date "2022.11.20"]
[Round "7.77"]
[White "Fechner, Andreas"]
[Black "Schellen, Sven"]
[Result "1/2-1/2"]
[WhiteElo "1875"]
[BlackElo "1789"]
[PlyCount "65"]
[EventDate "2022.??.??"]
[WhiteTeam "Spvgg Böblingen"]
[BlackTeam "SV Frankfurt Nord 1926"]

1. d4 d5 2. c4 e6 3. Nf3 c5 4. cxd5 exd5 5. e3 Nf6 6. Nc3 Nc6 7. Be2 Be7 8. O-O
O-O 9. b3 Bf5 10. Ba3 Qa5 11. Bb2 Rac8 12. dxc5 Qxc5 13. Rc1 Qa5 14. Nd4 Nxd4
15. Qxd4 Rfd8 16. Rfd1 Be6 17. Bf3 Ba3 18. Qa4 Qxa4 19. Nxa4 Bxb2 20. Nxb2 Kf8
21. Kf1 b6 22. Nd3 Rxc1 23. Rxc1 Rc8 24. Rxc8+ Bxc8 25. Nb4 Bb7 26. Ke2 Ke7 27.
Kd3 a5 28. Nc2 Nd7 29. Kd4 Kd6 30. Ne1 b5 31. Be2 b4 32. Bb5 Nc5 33. f3 1/2-1/2

[Event "Sparkassen-Open A"]
[Site "Heusenstamm, Martinsee"]
[Date "2022.11.20"]
[Round "7.78"]
[White "Peter, Laurenz"]
[Black "Groß, Phillip"]
[Result "0-1"]
[WhiteElo "1851"]
[BlackElo "1669"]
[PlyCount "63"]
[EventDate "2022.??.??"]
[WhiteTeam "SG Kaarst 1912/35"]
[BlackTeam "Spvgg Böblingen"]

1. d4 d5 2. Nf3 Nf6 3. c4 c6 4. g3 Bf5 5. Bg2 e6 6. O-O Be7 7. Nc3 O-O 8. Nd2
Nbd7 9. e4 dxe4 10. Ndxe4 Nxe4 11. Bxe4 Bxe4 12. Nxe4 Nf6 13. Nc3 Rc8 14. c5
Nd5 15. Qg4 Nf6 16. Qf4 Nd5 17. Qe4 Bf6 18. Rd1 Re8 19. f4 Nxc3 20. bxc3 Qd5
21. Qd3 b5 22. a4 a6 23. Be3 Rb8 24. axb5 axb5 25. Ra6 Red8 26. Qc2 Qf3 27. Bf2
b4 28. cxb4 Rxb4 29. Rb6 Rb8 30. Qa4 R8xb6 31. Qa8+ Rb8 32. Qxc6 0-1

[Event "Sparkassen-Open A"]
[Site "Heusenstamm, Martinsee"]
[Date "2022.11.20"]
[Round "7.79"]
[White "Rabiya, Karim"]
[Black "Kosak, Matjaz"]
[Result "0-1"]
[WhiteElo "1799"]
[BlackElo "1749"]
[PlyCount "106"]
[EventDate "2022.??.??"]
[WhiteTeam "SK Niederbrechen 1948"]
[BlackTeam "SV Frankfurt Nord 1926"]

1. e4 c5 2. Nf3 d6 3. d4 cxd4 4. Nxd4 Nf6 5. Nc3 g6 6. f3 Bg7 7. Be3 a6 8. Qd2
h5 9. Bc4 b5 10. Bb3 Nbd7 11. a4 b4 12. Nd5 Nxd5 13. Bxd5 Rb8 14. Nc6 Qc7 15.
Bd4 Bxd4 16. Qxd4 e5 17. Qc4 Nb6 18. Qe2 Ra8 19. Nxb4 Nxd5 20. Nxd5 Qb8 21. O-O
Be6 22. Rad1 Bxd5 23. Rxd5 Qxb2 24. Rxd6 a5 25. Qb5+ Qxb5 26. axb5 Ke7 27. Rfd1
Rhc8 28. R1d2 a4 29. b6 Rcb8 30. R2d3 a3 31. Rd7+ Ke8 32. Ra7 a2 33. Rda3 Rxa7
34. Rxa7 Rxb6 35. Rxa2 Rc6 36. Kf2 Ke7 37. Ke3 Ke6 38. Kd2 h4 39. h3 f5 40.
exf5+ Kxf5 41. Ra4 Rd6+ 42. Ke3 g5 43. Rc4 Rd1 44. Rc8 Re1+ 45. Kf2 Rd1 46. c4
Rd2+ 47. Kf1 Kf4 48. Ra8 Kg3 49. Ra3 Rf2+ 50. Ke1 Rxg2 51. Rc3 Kxh3 52. c5 Ra2
53. f4+ Kg2 0-1

[Event "Sparkassen-Open A"]
[Site "Heusenstamm, Martinsee"]
[Date "2022.11.20"]
[Round "7.80"]
[White "Abdo, Alan"]
[Black "Minor, Dieter"]
[Result "1-0"]
[WhiteElo "1686"]
[BlackElo "1817"]
[PlyCount "75"]
[EventDate "2022.??.??"]
[WhiteTeam "SC Listiger Bauer Essen-West"]
[BlackTeam "Wiesbadener SV 1885"]

1. b3 d5 2. Bb2 Bf5 3. e3 e6 4. Nf3 Nf6 5. d4 Nbd7 6. Nbd2 Be7 7. c4 c6 8. Be2
Ne4 9. O-O O-O 10. Nxe4 Bxe4 11. Bd3 Nf6 12. Ng5 Bxd3 13. Qxd3 h6 14. Nf3 Ne4
15. Nd2 Nxd2 16. Qxd2 Bd6 17. a3 Qh4 18. h3 f5 19. Qe2 Rf6 20. Qf3 Raf8 21. c5
Bc7 22. b4 g5 23. g4 R8f7 24. Qg2 fxg4 25. Qxg4 Qxg4+ 26. hxg4 Rf3 27. Kg2 Kh7
28. a4 h5 29. gxh5 Kh6 30. Bc3 g4 31. Be1 Kxh5 32. Rh1+ Kg6 33. b5 g3 34. Rf1
Kg5 35. Ra2 Kg4 36. Rb2 gxf2 37. Bxf2 Rh7 38. Bg1 1-0

[Event "Sparkassen-Open A"]
[Site "Heusenstamm, Martinsee"]
[Date "2022.11.20"]
[Round "7.81"]
[White "Marchese, Gaspare"]
[Black "Sarbu, Marc Constantin"]
[Result "1-0"]
[WhiteElo "1803"]
[BlackElo "1557"]
[PlyCount "107"]
[EventDate "2022.??.??"]
[WhiteTeam "SC Matt im Park Ffm"]
[BlackTeam "SV Jedesheim 1921"]

1. e4 d5 2. exd5 Qxd5 3. Nc3 Qd8 4. d4 Nf6 5. Be2 c6 6. Nf3 Bg4 7. h3 Bh5 8. g4
Bg6 9. Ne5 e6 10. h4 Be4 11. f3 Bd5 12. Nxd5 Nxd5 13. c3 Bd6 14. Kf2 Nd7 15.
Nd3 Qc7 16. Rh3 O-O-O 17. Bd2 h5 18. g5 e5 19. c4 Nf4 20. Nxf4 exf4 21. b4 c5
22. Rc1 b6 23. Bd3 cxd4 24. c5 bxc5 25. Qb3 Rhf8 26. Ba6+ Kb8 27. bxc5+ Nb6 28.
cxd6 Qxd6 29. Rhh1 Rfe8 30. Qxf7 Re7 31. Qxf4 Re5 32. Rhe1 Rde8 33. Rxe5 Rxe5
34. Re1 Rd5 35. Qxd6+ Rxd6 36. Bf4 Kc7 37. Re7+ Kc6 38. Bxd6 Kxd6 39. Rxg7 Ke5
40. Bd3 a5 41. Rh7 Nd5 42. g6 Nf4 43. g7 Nxd3+ 44. Kf1 Kf4 45. g8=Q Ke3 46.
Qg5+ Nf4 47. Rf7 a4 48. Qxf4+ Kd3 49. Qe4+ Kc3 50. Rc7+ Kb2 51. Qxd4+ Ka3 52.
Rc3+ Kb2 53. Qd2+ Ka1 54. Rc1# 1-0

[Event "Sparkassen-Open A"]
[Site "Heusenstamm, Martinsee"]
[Date "2022.11.20"]
[Round "7.82"]
[White "Faßler, Felix"]
[Black "Fröhlich-Dill, Astrid"]
[Result "1/2-1/2"]
[WhiteElo "1430"]
[BlackElo "1799"]
[PlyCount "73"]
[EventDate "2022.??.??"]
[WhiteTeam "SC Fulda"]
[BlackTeam "SV 1920 Hofheim"]

1. e4 e6 2. b3 c5 3. Bb2 Nc6 4. f4 Nf6 5. Nc3 d6 6. Nf3 a6 7. g3 b5 8. Bg2 Bb7
9. d3 Be7 10. O-O O-O 11. a4 b4 12. Nb1 Qb6 13. Kh1 Ng4 14. Qe1 Nd4 15. Nxd4
cxd4 16. Nd2 Rac8 17. h3 Ne3 18. Nc4 Rxc4 19. dxc4 Nxf1 20. Qxf1 e5 21. Kh2 f5
22. Re1 fxe4 23. Bxe4 Bxe4 24. Rxe4 Qc6 25. Qe2 Bf6 26. Qd3 Rc8 27. Re2 Re8 28.
Qe4 Qxe4 29. Rxe4 Kf7 30. Kg2 Rc8 31. Re2 g5 32. fxe5 dxe5 33. Re4 h5 34. Kf3
Kg6 35. g4 h4 36. Bc1 a5 37. Ke2 1/2-1/2